| Tag |
First Indicator |
Second Indicator |
Subfields |
| LEADER |
00000cam a2200000 4500 |
| 001 |
in00003824547 |
| 005 |
20190415190403.0 |
| 006 |
m o d |
| 007 |
cr |n||||||||n |
| 008 |
901211s1786 ie |||| o 00||||eng c |
| 035 |
|
|
|a (CU-RivES)T202586
|
| 035 |
|
|
|a (Uk-ES)006297117
|
| 035 |
|
|
|a (OCoLC)509732202
|
| 040 |
|
|
|a Uk-ES
|c Uk-ES
|d CStRLIN
|d Cengage Gale
|d UtOrBLW
|
| 100 |
1 |
|
|a Clifford, Samuel,
|d active 18th century.
|0 http://id.loc.gov/authorities/names/n85122215
|
| 245 |
1 |
2 |
|a A poetical description of the River Shannon :
|b Dedicated to Richard St. George, Esq. By Samuel Clifford, of Mount Campbell.
|
| 250 |
|
|
|a The second edition.
|
| 264 |
|
3 |
|a Dublin :
|b Printed by R. Marchbank, No. 11, Dame-Street,
|c M,DCC,LXXXVI. [1786]
|
| 300 |
|
|
|a 1 online resource (20 pages)
|
| 336 |
|
|
|a text
|b txt
|2 rdacontent
|
| 337 |
|
|
|a computer
|b c
|2 rdamedia
|
| 338 |
|
|
|a online resource
|b cr
|2 rdacarrier
|
| 510 |
4 |
|
|a English Short Title Catalog,
|c T202586.
|
| 500 |
|
|
|a Reproduction of original from Cambridge University Library.
|
| 500 |
|
|
|a Electronic resource.
|
| 650 |
|
0 |
|a English poetry
|y 18th century.
|0 http://id.loc.gov/authorities/subjects/sh85043936
|
| 651 |
|
0 |
|a Shannon River (Ireland)
|x Description and travel
|v Early works to 1800.
|
| 655 |
|
7 |
|a Electronic books.
|2 local
|
| 655 |
|
7 |
|a Poems.
|2 rbgenr
|
| 710 |
2 |
|
|a Gale (Firm)
|0 http://id.loc.gov/authorities/names/no2008071348
|
| 752 |
|
|
|a Ireland
|d Dublin.
|
| 856 |
4 |
0 |
|u http://proxy.library.tamu.edu/login?url=http://find.galegroup.com/ecco/infomark.do?contentSet=ECCOArticles&docType=ECCOArticles&bookId=1563701400&type=getFullCitation&tabID=T001&prodId=ECCO&docLevel=TEXT_GRAPHICS&version=1.0&source=library&userGroupName=txshracd2898
|z Connect to the full text of this electronic book
|t 0
|
| 999 |
f |
f |
|s 3cb5b040-6110-3696-b643-f4ae2208c0d2
|i e950c469-256b-30bf-8e49-7494a7a0b8e3
|t 0
|
| 952 |
f |
f |
|a Texas A&M University
|b College Station
|c Electronic Resources
|d Available Online
|t 0
|h No information provided
|
| 998 |
f |
f |
|t 0
|l Available Online
|